[Event "Tilburg"]
[Site "Tilburg"]
[Date "1991.??.??"]
[Round "1"]
[White "Timman, Jan H"]
[Black "Kasparov, Garry"]
[Result "0-1"]
[WhiteElo "2630"]
[BlackElo "2770"]
[Annotator "Ftacnik,L"]
[PlyCount "70"]
[EventDate "1991.10.??"]
[EventType "tourn"]
[EventRounds "14"]
[EventCountry "NED"]
[EventCategory "17"]
[SourceTitle "CBM 026"]
[Source "ChessBase"]
[SourceDate "1992.02.01"]
[SourceVersion "1"]
[SourceVersionDate "1992.02.01"]
[SourceQuality "1"]

1. d4 {Knaak} Nf6 2. c4 g6 3. Nf3 Bg7 4. g3 O-O 5. Bg2 d6 6. O-O Nbd7 7. Nc3 e5
8. Qc2 c6 9. Rd1 Qe7 10. b3 exd4 (10... Re8 11. e3 Nf8 12. dxe5 dxe5 13. h3 e4
14. Nd4 h5 15. a4 N8h7 16. Ba3 Qe5 17. Nce2 h4 {0,5/Huebner,R-Kavalek,L/
Tilburg/1977/}) 11. Nxd4 Re8 12. Bb2 (12. e4 {Knaak E68}) 12... Nc5 13. e3 (13.
e4 a5 (13... Nfxe4 14. Nxe4 Nxe4 15. Re1 Bxd4 16. Rxe4 (16. Bxd4 Bf5 17. f3 Nc5
) 16... Be5 17. f4 Bf5 18. fxe5 Bxe4 19. Qxe4 dxe5 20. Re1 $16)) 13... a5 14.
a3 h5 $1 15. b4 Nce4 16. b5 Bd7 17. Rac1 (17. a4 h4 18. Re1 $10) 17... h4 18.
a4 $2 (18. Re1) (18. Nxe4 Nxe4 19. a4 $10) 18... hxg3 19. hxg3 Nxf2 $1 20. Qxf2
(20. Kxf2 Ng4+ 21. Kg1 Qxe3+ 22. Kh1 Qh6+ $19 (22... Qh6+ {Knaak} 23. Kg1 Qh2+
24. Kf1 Ne3+ $19)) 20... Ng4 21. Qf3 $2 (21. Qe2 Nxe3 22. Rd2 Nxc4 23. Qxc4
Qe3+ 24. Rf2 Bxd4 25. Nd1 Qe1+ 26. Bf1 Bxf2+ 27. Nxf2 Qd2 $17) (21. Qd2 Nxe3 (
21... Bh6 22. Nc2 Nxe3 (22... Qe5 $1 {Knaak} 23. Qe1 (23. Qxd6 Bxe3+ 24. Nxe3 (
24. Kf1 Qf5+ $19) 24... Qxe3+ 25. Kh1 Qh6+ 26. Kg1 Qh2+ 27. Kf1 Ne3+ $19) 23...
Qh5 $1 (23... Nxe3 24. Ne4 Qxb2 25. Nxe3 $13) 24. Ne4 Qh2+ 25. Kf1 Rxe4 $1 26.
Bxe4 Re8 27. Bg2 (27. Qe2 Qxg3 28. Qg2 Nxe3+ 29. Nxe3 Bh3 $19) 27... Nxe3+ 28.
Nxe3 Bxe3 $19) 23. Ne4 $1) 22. Re1 Nxc4 23. Rxe7 Nxd2 24. Rxe8+ Rxe8 $17) 21...
Nxe3 22. Re1 (22. Ne4 Nxd1 23. Rxd1 c5 $19) (22. Nb3 Bg4 $19) (22. bxc6 bxc6
23. Nxc6 Bxc6 24. Qxc6 Nxd1 25. Rxd1 Qe3+ $19) (22. Rd3 {Knaak} Nxc4 23. Qf2 (
23. Ba1 Ne5 $19) 23... Nxb2 24. Qxb2 Bxd4+ 25. Rxd4 Qe3+ $19) 22... Bxd4 23.
Nd5 Ng4+ $1 (23... Nxd5+ $2 24. Bxd4 Qxe1+ 25. Rxe1 Rxe1+ 26. Kf2 $18) (23...
cxd5 $2 {Knaak} 24. Bxd4 $18) 24. Bxd4 Qxe1+ 25. Rxe1 Rxe1+ 26. Bf1 cxd5 27.
Qxd5 (27. Bc3 Re3 $19) (27. Bb2 Ne3 $19) 27... Rae8 28. Bf2 (28. Bc3 Rxf1+ $19)
(28. Qxb7 Bf5 29. Bf2 Rd1 30. Qc6 Rc8 $19) 28... Be6 29. Qxb7 (29. Qxd6 Bxc4
30. Bxe1 Rxe1 31. Qd8+ Kg7 32. Qd4+ Ne5 33. Kg2 Bxf1+ 34. Kf2 f6 $1 35. Qd6
Nd3+ 36. Kf3 Re2 $1 $19) (29. Qd2 Ne5 $1 30. Qxd6 (30. Kg2 Rxf1 31. Kxf1 Bh3+
$19) 30... Rc1 $1 (30... Nf3+ 31. Kg2 Rxf1 32. Kxf3 Bxc4 33. Qd4 Re2 34. Qd8+ (
34. Qxc4 Rfxf2+ 35. Kg4 Re4+ $19) 34... Kg7 35. Qd4+ f6 36. Qd7+ $22 Kh6 37.
Qh3+) (30... Rxf1+ 31. Kxf1 Bh3+ 32. Kg1 Nf3+ 33. Kh1 Re2 34. Qd8+ Kh7 35. Qf6
$1 Rxf2 36. Qxf7+ Kh6 37. Qf8+ Kh7 $10 (37... Kh5 $2 38. Qc5+ $1)) 31. Bd4 (31.
Qxe5 Rxf1+ 32. Kg2 Bh3+ $19) (31. Be3 Nxc4 32. Qc5 Rxf1+ $1 33. Kxf1 Nxe3+ 34.
Qxe3 Bh3+ $19) (31. Kg2 Bg4 32. Be3 Bf3+ 33. Kf2 Rc2+ 34. Kg1 Be4 $19) 31...
Nf3+ 32. Kf2 (32. Kg2 Bg4 33. Bd3 Ne1+ $19) 32... Bg4 33. Bd3 Rh1 34. Be4 (34.
Qf6 Rh2+ 35. Kf1 Bh3#) 34... Rh2+ 35. Ke3 Ng5 36. Qf6 Rxe4+ 37. Kd3 Be2+ 38.
Kc3 Ne6 $19) 29... Rc1 (29... Bxc4 $2 30. Bxe1 Rxe1 31. Qc8+) 30. Qc6 Rc8 31.
Qe4 R8xc4 32. Qa8+ Kh7 33. b6 Rb4 34. Qxa5 (34. b7 Rbb1 35. Qa6 (35. b8=Q Rxf1+
36. Kg2 Rxf2+) 35... Bc4 $19) 34... Rbb1 35. Kg2 Rc2 {Ftacnik,L} 0-1

[Event "Tilburg"]
[Site "Tilburg"]
[Date "1991.??.??"]
[Round "5"]
[White "Kasparov, Garry"]
[Black "Anand, Viswanathan"]
[Result "1-0"]
[WhiteElo "2770"]
[BlackElo "2650"]
[Annotator "Ftacnik,L"]
[PlyCount "57"]
[EventDate "1991.10.??"]
[EventType "tourn"]
[EventRounds "14"]
[EventCountry "NED"]
[EventCategory "17"]
[SourceTitle "CBM 026"]
[Source "ChessBase"]
[SourceDate "1992.02.01"]
[SourceVersion "1"]
[SourceVersionDate "1992.02.01"]
[SourceQuality "1"]

1. e4 {Anand Blatny,P} c5 2. Nf3 Nc6 3. d4 cxd4 4. Nxd4 Qc7 5. Nc3 e6 6. Be3 (
6. g3 {Blatny,P --> Short-Anand}) 6... a6 7. Bd3 Nf6 8. O-O Ne5 (8... Bc5 $2 {
Blatny,P} 9. Nxe6 $1) 9. h3 Bc5 (9... b5 $5 {Blatny,P /\Nc4}) 10. Kh1 (10. Na4
{Blatny,P} Ba7 11. c4 {[+]}) (10. Qe2 {Blatny,P} d6 11. f4 Ng6 {()}) (10. Qe2 {
Anand has been more popular recently}) 10... d6 11. f4 Nc6 $6 (11... Ned7 12.
Qf3 (12. g4 $5 {Tal}) 12... b5 $13 {Tal,M-Najdorf,M/Beograd/1970/} (12... b5 {
Blatny,P} 13. Nb3 Bb7 14. a4 b4 15. Ne2 Bxe3 16. Qxe3 Nc5 17. Ng3 $13 {
Tal-Najdorf, Beograd 1970})) (11... Ng6 12. Qf3 O-O 13. Rae1 b5 14. f5 Ne5 15.
Qg3 Kh8 $10 {Kuzmin-Sludcov/URS/1980/}) (11... Ned7 {Anand}) (11... Ng6 {Anand}
) 12. e5 $1 Nxe5 (12... dxe5 13. Ndb5 $1 (13. Nxe6 Bxe6 14. Bxc5 exf4 $13) (13.
fxe5 {Blatny,P} Nxe5 14. Bf4 Bd6 15. Ndb5 axb5 16. Nxb5 Qb8 17. Nxd6+ $18 Qxd6
18. Bb5+) 13... axb5 14. Bxc5 Nd4 15. Bxd4 exd4 16. Bxb5+ Bd7 17. Qxd4 $16) (
12... Nxd4 13. exf6 gxf6 14. Ne4 (14. Bxd4 {Blatny,P} Bxd4 15. Bb5+ axb5 16.
Qxd4 $40) (14. f5 $6 Nxf5 15. Bxc5 Ng3+) 14... f5 15. Nxc5 dxc5 16. c3 (16. b4
$16 {Anand}) 16... Nb5 17. a4 Nd6 18. b4 $1 $36) (12... Bxd4 13. Bxd4 dxe5 (
13... Nxd4 14. exf6 gxf6 15. f5 $1 Nc6 (15... Bd7 {Blatny,P} 16. Bxa6) 16. fxe6
fxe6 17. Rxf6 $16) 14. fxe5 Nd7 (14... Nxe5 15. Rxf6 $5 gxf6 16. Ne4 f5 17. Qh5
$40) 15. Ne4 $1 Ncxe5 (15... Nxd4 16. Nd6+ Ke7 17. Rxf7+ Kd8 18. Qg4 $18) (
15... O-O 16. Qh5 $40) (15... Ndxe5 $2 16. Bc5) 16. Qh5 $40 (16. Qh5 $1 $16 {
Anand the move I had overlooked initially} O-O $2 17. Bxe5 Qxe5 18. Nf6+)) 13.
fxe5 dxe5 14. Bb5+ axb5 (14... Bd7 15. Nxe6 (15. Rxf6 {Blatny,P Kasparov}) (15.
Bxd7+ Qxd7 (15... Nxd7 16. Qf3) 16. Nf5 exf5 (16... Bxe3 17. Nxe3 $18) 17. Bxc5
$18) 15... fxe6 16. Bxd7+ Nxd7 17. Bxc5 Nxc5 18. b4 $1 Nd7 19. Ne4 O-O-O 20.
Nd6+ Kb8 21. Nf7 $16) (14... Kf8 15. Rxf6 $1 (15. Nf5 {Blatny,P} Bxe3 16. Nxe3
axb5 17. Nxb5 Qe7 18. Nc4 $36) 15... exd4 (15... gxf6 16. Bh6+ Ke7 17. Nf5+
exf5 18. Nd5+ $18) (15... Bxd4 16. Bh6 $1 gxh6 17. Qh5 e4 (17... axb5 18. Raf1
$18) 18. Qxh6+ Kg8 (18... Ke7 19. Rxf7+ Kxf7 20. Rf1+ Ke7 21. Qg5+ Kd6 22.
Nxe4#) 19. Nxe4 axb5 20. Raf1 $18) 16. Bh6 $1 (16. Bf4 {Anand} Qe7 (16... Qd8
17. Qh5 $18) 17. Ne4 axb5) 16... axb5 (16... dxc3 17. Rxf7+ (17. Qh5 Bd4 18.
Rxf7+ Qxf7 19. Rf1 Qxf1+ $1 (19... Bf6 20. Rxf6 $18) 20. Bxf1 cxb2) 17... Kxf7
18. Qh5+ g6 $13) 17. Qh5 Ke8 (17... dxc3 18. Raf1 $18) 18. Bxg7 Rg8 19. Nxb5
Qd7 20. Qxh7 $16) (14... Ke7 15. Rxf6 $1 (15. Nc6+ $18 {Anand}) 15... exd4 (
15... Kxf6 16. Qg4 (16. Bg5+ {Blatny,P} Kxg5 17. Ne4+ Kf4 18. Qf3#) 16... Ke7
17. Qxg7 $18) (15... gxf6 16. Nf5+ $1 exf5 (16... Kf8 {Blatny,P} 17. Bh6+ Kg8
18. Qg4#) 17. Nd5+ $18) 16. Qf3 $6 (16. Bf4 $1 Qa5 $8 (16... Qb6 17. Nd5+ $18)
(16... Bd6 {Blatny,P} 17. Nd5+ $1 $18) 17. Qh5 axb5 18. Rxf7+ Ke8 19. Rxg7+ $18
) 16... gxf6 17. Ne4 axb5 (17... f5 $1 18. Bg5+ Kf8 (18... f6 19. Bxf6+ Kf8 20.
Bxh8 $16) 19. Qh5 fxe4 (19... axb5 20. Qh6+ Ke8 21. Nf6+ $18) 20. Qh6+ Kg8 21.
Bf6 Qg3 $1) (17... Qe5 18. Bf4 Qf5 (18... Qd5 19. Bd6+ $1 Bxd6 20. Qxf6+ Kf8
21. Qxh8+ Ke7 22. Qe8#) 19. g4 Qg6 20. Bd3 $1 Bb6 21. Nxf6 $1 Qg7 22. Be5 Qf8
23. Nd5+ exd5 24. Qf6+ Ke8 25. Qxb6 $18) 18. Qxf6+ Kd7 19. Bxd4 $1 Rd8 20.
Nxc5+ Kc6 21. Be5 Qb6 22. b4 $16) (14... Nd7 {Blatny,P} 15. Nxe6 $1 fxe6 16.
Bxc5 Qxc5 17. Ne4 {/\Qg4+-}) 15. Ndxb5 Qb6 16. Bxc5 Qxc5 17. Nd6+ Ke7 (17...
Kf8 18. Nce4 $18) 18. Rxf6 $1 (18. Nce4 Qd4 19. Qf3 Nxe4 20. Rad1 Nxd6 $1)
18... gxf6 19. Nce4 Qd4 (19... Qc7 20. Qh5 Rf8 21. Qh6 $40) 20. Qh5 Rf8 21. Rd1
Qe3 (21... Qxb2 {Blatny,P} 22. Qh6 Qxc2 23. Nf5+ $1 $18) 22. Qh4 Qf4 23. Qe1
Ra4 (23... f5 24. Qb4 fxe4 25. Nxe4+ Ke8 26. Qb5+ Ke7 27. Qc5+ Ke8 28. Qc7 $18)
24. Qc3 Rd4 (24... Rd8 25. Qc7+ Bd7 26. Nc8+ Rxc8 27. Rxd7+ $18) (24... Rxe4 {
Blatny,P} 25. Qc7+ Bd7 26. Nf5+ $1 $18) 25. Rxd4 Qf1+ 26. Kh2 exd4 27. Qc5 Kd7
(27... Qf4+ 28. g3 Qe5 29. Nxc8+ Kd7 30. Nb6+ $18) 28. Nb5 Qf4+ 29. g3 {
Ftacnik,L} (29. g3 Qe5 (29... Qxe4 {Blatny,P} 30. Qc7+ Ke8 31. Nd6#) 30. Nxf6+
$1 Qxf6 31. Qd6+ (31. Qc7+ Ke8 32. Nd6#) 31... Ke8 32. Nc7#) 1-0

[Event "Tilburg"]
[Site "Tilburg"]
[Date "1991.??.??"]
[Round "11"]
[White "Kasparov, Garry"]
[Black "Bareev, Evgeny"]
[Result "1-0"]
[WhiteElo "2770"]
[BlackElo "2680"]
[Annotator "Hertneck,G"]
[PlyCount "65"]
[EventDate "1991.10.??"]
[EventType "tourn"]
[EventRounds "14"]
[EventCountry "NED"]
[EventCategory "17"]
[SourceTitle "CBM 026"]
[Source "ChessBase"]
[SourceDate "1992.02.01"]
[SourceVersion "1"]
[SourceVersionDate "1992.02.01"]
[SourceQuality "1"]

1. c4 Nf6 2. Nf3 c6 3. Nc3 d5 4. d4 dxc4 5. a4 Bf5 6. e3 e6 7. Bxc4 Bb4 8. O-O
Nbd7 9. Qe2 Bg6 10. e4 Bxc3 11. bxc3 Nxe4 12. Ba3 Qc7 13. Nd2 Ndf6 {TN} (13...
Nxd2 14. Qxd2 O-O-O $6 15. Be7 $1 Rde8 16. Bh4 $16 {Razuvaev,Y-Levitt,J,
Reykjavik op 1990, i49/447}) (13... Nxc3 14. Qe3 Nd5 (14... Nxa4 15. Bxe6 O-O-O
16. Nc4 $1 c5 17. Bh3 $40) 15. Bxd5 cxd5 16. Rfc1 Qd8 17. Qb3 $40) (13... Nd6
14. Bxe6 O-O 15. Bb3 (15. Nc4 Nxc4 16. Bxf8 $2 fxe6 $17) 15... Rfe8 16. Qf3 c5
17. Rfe1 b6 18. h4 $1 $36 {Browne,W-Silman,J, USA 1991, i52/378}) 14. Nxe4 Nxe4
15. Rfe1 O-O-O (15... Nxc3 $5 16. Qf3 Nd5 17. Bxd5 cxd5 18. Qxd5 $44) 16. Qb2
Rhe8 17. f3 Nd6 18. Bf1 Kb8 19. a5 Nc8 20. Bc5 f6 (20... e5) 21. Ra4 $1 {
/\ Rea1, Rb4, Bb6} e5 22. Rea1 Rd7 23. Rb4 Ka8 24. Bb6 Qb8 25. dxe5 Rxe5 $6 (
25... fxe5 {/\ e4}) 26. Bf2 $1 Qd6 27. Rd4 Rd5 28. Rxd5 Qxd5 29. Qb4 Qd6 30.
Qa4 Rd8 31. Re1 Ne7 32. a6 b6 33. Rxe7 1-0

[Event "Reggio Emilia-A 9192 34th"]
[Site "Reggio Emilia"]
[Date "1992.??.??"]
[Round "1"]
[White "Gurevich, Mikhail"]
[Black "Kasparov, Garry"]
[Result "0-1"]
[WhiteElo "2630"]
[BlackElo "2770"]
[Annotator "Ribli,Z"]
[PlyCount "108"]
[EventDate "1991.12.??"]
[EventType "tourn"]
[EventRounds "9"]
[EventCountry "ITA"]
[EventCategory "18"]
[SourceTitle "CBM 027"]
[Source "ChessBase"]
[SourceDate "1992.04.01"]
[SourceVersion "1"]
[SourceVersionDate "1992.04.01"]
[SourceQuality "1"]

1. c4 g6 2. Nc3 Bg7 3. g3 e5 4. Bg2 d6 5. d3 f5 6. e3 a5 $5 7. Nge2 Nf6 8. O-O
O-O 9. b3 c6 10. Bb2 (10. e4 Na6 11. h3 f4 $1 12. gxf4 Nh5 13. fxe5 dxe5 14. f3
Nb4 15. Be3 Nxd3 16. Qd2 Ndf4 17. Qxd8 Rxd8 18. Kh2 Rd3 19. Bb6 Nxg2 20. Kxg2
Nf4+ 21. Kg3 Rd2 22. Rae1 Be6 $17 {Poldauf,D-Lau,R FRG-ch 1991 CBM/24}) 10...
Na6 11. Qd2 Bd7 12. Kh1 Rc8 13. Rae1 (13. f4 $5) 13... b5 $10 14. e4 (14. f4 $5
) 14... Nc5 15. cxb5 cxb5 16. exf5 Bxf5 $1 (16... gxf5 $2 17. f4 $1 $14) 17.
Ne4 b4 18. Rc1 Nfxe4 19. dxe4 Bd7 20. Rcd1 (20. Qxd6 $2 Bb5 21. Qxd8 Rfxd8 22.
Rc2 Bd3 23. Rd2 Nxe4 $19) 20... Bb5 21. Qe3 a4 22. Rfe1 Qb6 23. Nc1 a3 $1 24.
Ba1 Bd7 25. Nd3 Be6 26. f4 Rc6 27. Nf2 (27. fxe5 Nxd3 28. Qxb6 Rxb6 29. Rxd3
dxe5 $15) 27... Nd7 (27... Kh8 $5) 28. Qd2 Nc5 29. Bh3 (29. Qe3 $5) 29... Bf7
30. fxe5 dxe5 31. Ng4 Be6 32. Nh6+ Kh8 33. Bxe6 Nxe6 34. Ng4 Nd4 35. Bxd4 exd4
36. Nf2 Rc3 37. Nh3 d3 $1 38. Nf4 Rc2 39. Qxd3 Rxa2 40. Rf1 Rf2 41. Rxf2 Qxf2
42. Rd2 Qa7 43. Qe2 Bc3 44. Rc2 Qf7 45. e5 Qb7+ 46. Qg2 Qxg2+ 47. Kxg2 Bb2 48.
Rf2 a2 49. Nxg6+ hxg6 50. Rxf8+ Kg7 51. Rf1 Bxe5 52. Kf3 a1=Q 53. Rxa1 Bxa1 54.
Ke4 Kf6 0-1

[Event "Reggio Emilia-A 9192 34th"]
[Site "Reggio Emilia"]
[Date "1992.??.??"]
[Round "6"]
[White "Kasparov, Garry"]
[Black "Beliavsky, Alexander G"]
[Result "1-0"]
[WhiteElo "2770"]
[BlackElo "2655"]
[Annotator "Ribli,Z"]
[PlyCount "55"]
[EventDate "1991.12.??"]
[EventType "tourn"]
[EventRounds "9"]
[EventCountry "ITA"]
[EventCategory "18"]
[SourceTitle "CBM 027"]
[Source "ChessBase"]
[SourceDate "1992.04.01"]
[SourceVersion "1"]
[SourceVersionDate "1992.04.01"]
[SourceQuality "1"]

1. c4 Nf6 2. Nc3 c5 3. g3 g6 4. Bg2 Bg7 5. a3 $5 Nc6 6. Rb1 a5 7. d3 O-O 8. Bg5
(8. Nh3 d6 9. O-O Bd7 10. Nf4 Ne8 11. Bd2 Nc7 12. Nfd5 Nxd5 13. Nxd5 Rb8 14.
Nc3 Re8 15. Re1 b6 16. Nb5 Nd4 $10 {Bischoff,K-Dvezlan,M Biel op 1990 EXP/19})
(8. Bd2 d6 9. Nf3 Rb8 10. O-O Ne8 11. Ne1 Nc7 12. Nc2 Bd7 13. b4 axb4 14. axb4
cxb4 15. Nxb4 Nxb4 16. Rxb4 b5 $10 {Piasetski,L-Lesiege,A Mississauga 1990 EXP/
20}) 8... d6 9. Nf3 h6 10. Bd2 Be6 11. h3 d5 (11... Qd7 $5) 12. cxd5 Nxd5 13.
O-O Nd4 14. e4 $1 Nxf3+ (14... Nc7 15. Nxd4 $1 cxd4 16. Na4 $14) 15. Qxf3 Nc7
16. e5 $1 Bf5 17. Rbd1 Ne6 18. Qxb7 Rb8 19. Qa7 Bxd3 (19... Rxb2 20. Nd5 $1)
20. Bc1 $1 c4 21. Rfe1 $16 Nd4 22. Nd5 $1 Nb3 23. Nxe7+ Kh7 24. Be3 Bxe5 25.
Nc6 Qf6 26. Nxe5 Qxe5 27. Bf4 Qd4 28. Bxb8 1-0

[Event "Buenos Aires sim"]
[Site "Buenos Aires"]
[Date "1992.??.??"]
[Round "1"]
[White "Panno, Oscar"]
[Black "Kasparov, Garry"]
[Result "0-1"]
[WhiteElo "2485"]
[BlackElo "2790"]
[Annotator "Ftacnik,L"]
[PlyCount "76"]
[EventDate "1992.??.??"]
[EventType "simul"]
[EventRounds "1"]
[EventCountry "ARG"]
[SourceTitle "CBM 033"]
[Source "ChessBase"]
[SourceDate "1993.04.01"]
[SourceVersion "1"]
[SourceVersionDate "1993.04.01"]
[SourceQuality "1"]

1. d4 Nf6 2. Nf3 e6 3. c4 c5 4. e3 d5 5. Nc3 Nc6 6. a3 cxd4 7. exd4 Be7 8. cxd5
exd5 9. h3 (9. Bd3 Bg4 10. Be3) 9... Ne4 10. Bd3 Bf5 11. O-O O-O 12. Na4 Bf6
13. Be3 Re8 14. Rc1 Qd6 15. Nc5 b6 16. Na6 $5 (16. Na4 {/\ Nc3-b5}) 16... Rac8
17. Bb5 Red8 18. Qa4 Ne7 19. Nb4 a5 20. Nd3 Ng6 21. Ba6 (21. Nde5 $5 Nxe5 22.
dxe5 Bxe5 23. Nxe5 Qxe5 24. Bxb6 $16) 21... Bd7 22. Qb3 Rb8 23. a4 h6 24. Rc2
Ng5 25. Nxg5 hxg5 26. Bb5 Nh4 27. Bxd7 Qxd7 28. Rd2 (28. Qb5 Qf5 29. Rfc1 g4
30. hxg4 Qxg4 31. Ne1 Bxd4 $17) 28... Qf5 29. f3 Re8 30. Ne5 $2 (30. Bf2 Ng6
31. Rc1 $10) 30... Bxe5 31. dxe5 Rxe5 32. Bf2 Ng6 33. Rfd1 Nf4 34. Bg3 Rbe8 35.
Bxf4 Qxf4 (35... gxf4 36. Rxd5 Re1+ 37. Kh2) 36. Qxb6 $2 (36. Rxd5 $1 Rxd5 37.
Rxd5 Qg3 38. Rd1 $15) 36... Re1+ 37. Kf2 (37. Rxe1 Rxe1+ 38. Kf2 Qxd2+) 37...
Qh4+ 38. g3 Qxh3 (38... Qxh3 39. Rxe1 Qh2+ 40. Kf1 Qh1+ 41. Kf2 Qxe1+ $19) 0-1

[Event "Linares 10th"]
[Site "Linares"]
[Date "1992.??.??"]
[Round "11"]
[White "Jussupow, Artur"]
[Black "Kasparov, Garry"]
[Result "0-1"]
[WhiteElo "2655"]
[BlackElo "2780"]
[Annotator "Ernst,T"]
[PlyCount "118"]
[EventDate "1992.02.??"]
[EventType "tourn"]
[EventRounds "13"]
[EventCountry "ESP"]
[EventCategory "17"]
[SourceTitle "CBM 028"]
[Source "ChessBase"]
[SourceDate "1992.06.01"]
[SourceVersion "1"]
[SourceVersionDate "1992.06.01"]
[SourceQuality "1"]

1. d4 Nf6 2. Nf3 g6 3. c4 Bg7 4. g3 O-O 5. Bg2 d6 6. O-O Nbd7 7. Nc3 e5 8. e4
c6 9. Be3 Ng4 10. Bg5 Qb6 11. h3 exd4 12. Na4 Qa6 13. hxg4 b5 14. Be7 Re8 15.
Bxd6 bxa4 16. e5 c5 {N; Vermutlich hatte Yusupov in der mit 16...Qxc4
beginnenden Hauptvariante eine Verbesserung vorbereitet.} (16... Qxc4 17. Re1 (
17. Rc1 Qxa2 18. Nxd4 Ba6 19. Re1 {Jankovec-Jansa/CSR-ch/1970/1/2-1/2/19/})
17... Bb7 18. b3 axb3 19. axb3 Qc3 20. Rc1 Qa5 21. Qxd4 c5 22. Qf4 h6 23. b4
Qxb4 24. Qxb4 cxb4 25. Rc7 Bxf3 26. Bxf3 Rad8 27. Bc6 Nxe5 28. Bxe5 Rd6 $10 {
Analyse Boleslavsky, Lepeshkin ECO E68/16,100}) 17. b4 $6 (17. Nxd4 $1 Bb7 18.
Nb5 Bxg2 19. Kxg2 Nxe5 20. Bxe5 Rxe5 21. Qf3 $10) 17... cxb4 18. Qxd4 Bb7 19.
Rae1 Rac8 20. c5 Qb5 {Nun ist der sowohl der weisse c-Bauer als auch der
weisse e-Bauer schwach.} 21. Qf4 Bxf3 $1 (21... Nxc5 $2 22. Ng5 Qd7 23. Bxb7
Qxb7 (23... Nxb7 24. Bxb4) 24. Bxc5 Rxc5 25. Ne4 {/\ 26.Nd6}) 22. Bxf3 Nxc5 23.
Be2 Qb6 24. Rc1 Ne6 25. Qxb4 Nd4 {Schwarz steht aktiver.} 26. Bc4 Bxe5 27. Qxb6
axb6 28. Bxe5 Nf3+ 29. Kg2 Nxe5 30. Bb5 Rxc1 31. Rxc1 Rd8 32. Bxa4 $2 $19 (32.
Rc2 $1 $17) 32... Rd2 33. g5 (33. Rc2 Rxc2 34. Bxc2 Nxg4) 33... Rxa2 34. Rc8+
Kg7 35. Bb3 Rb2 36. Rc3 b5 37. Re3 Ng4 38. Rf3 f5 39. gxf6+ Nxf6 {Schwarz hat
einen Mehrbauern, den aktiveren Turm 8nd druck gegen f2} 40. Rd3 Ne4 41. Rd7+
Kh6 42. Bg8 Rxf2+ 43. Kg1 Rb2 44. Rxh7+ Kg5 45. Rb7 Kg4 46. Kf1 g5 47. Bh7 Nc3
48. Rc7 b4 49. Rc5 Rd2 $1 50. Ke1 Re2+ 51. Kf1 Rd2 52. Ke1 Rd5 53. Rxd5 Nxd5
54. Kd2 Kxg3 55. Be4 Nb6 56. Kd3 g4 57. Bc6 Kf2 58. Kc2 Nc4 59. Bd7 g3 0-1

[Event "Linares 10th"]
[Site "Linares"]
[Date "1992.??.??"]
[Round "13"]
[White "Ljubojevic, Ljubomir"]
[Black "Kasparov, Garry"]
[Result "0-1"]
[WhiteElo "2610"]
[BlackElo "2780"]
[Annotator "Ribli,Z"]
[PlyCount "92"]
[EventDate "1992.02.??"]
[EventType "tourn"]
[EventRounds "13"]
[EventCountry "ESP"]
[EventCategory "17"]
[SourceTitle "CBM 028"]
[Source "ChessBase"]
[SourceDate "1992.06.01"]
[SourceVersion "1"]
[SourceVersionDate "1992.06.01"]
[SourceQuality "1"]

1. c4 g6 2. Nc3 Bg7 3. g3 e5 4. Bg2 d6 5. d3 f5 6. e4 (6. f4 $5 Nf6 7. Nf3 $13)
6... Nf6 7. Nge2 O-O 8. h3 $6 (8. O-O c6 9. b3 a5 $13) 8... c6 9. Be3 Be6 10.
Qd2 (10. exf5 $5 gxf5 11. f4 $13) 10... fxe4 $1 11. Nxe4 Nxe4 12. Bxe4 d5 13.
cxd5 cxd5 14. Bg2 Nc6 15. O-O Qd7 16. Kh2 d4 17. Bg5 Bd5 $1 $15 18. Be4 Rf7 19.
Kg2 Qe6 20. Bxd5 Qxd5+ 21. f3 a5 22. h4 a4 $1 23. Ng1 a3 24. Rfb1 Bf8 25. bxa3
Rxa3 26. Rb2 b5 $17 27. Rab1 b4 28. Rc2 Rc3 29. Rbb2 Na5 30. Qd1 Nb7 31. Bd2
Rxd3 32. Qe2 Rdxf3 $1 33. Nxf3 d3 34. Qe3 dxc2 35. Rxc2 Nc5 36. Bxb4 Nd3 37.
Bd2 (37. Bxf8 Rxf3 38. Qxf3 Ne1+ $19) 37... Bc5 38. Rxc5 (38. Qe2 e4 $19) 38...
Nxc5 39. Bc3 Nd3 40. a4 Rc7 41. Bd2 Nb2 42. Bc3 Nc4 43. Qe2 Rf7 44. a5 e4 45.
Ne1 e3+ 46. Kg1 Nd2 0-1

[Event "Dortmund"]
[Site "Dortmund"]
[Date "1992.??.??"]
[Round "9"]
[White "Kasparov, Garry"]
[Black "Salov, Valery"]
[Result "1-0"]
[WhiteElo "2780"]
[BlackElo "2655"]
[Annotator "Dautov,R"]
[PlyCount "107"]
[EventDate "1992.04.16"]
[EventType "tourn"]
[EventRounds "9"]
[EventCountry "GER"]
[EventCategory "17"]
[SourceTitle "CBM 029"]
[Source "ChessBase"]
[SourceDate "1992.08.01"]
[SourceVersion "1"]
[SourceVersionDate "1992.08.01"]
[SourceQuality "1"]

1. e4 {Hansen,Cu} c5 2. Nf3 Nc6 3. Bb5 g6 4. Bxc6 bxc6 5. O-O Bg7 6. Re1 Nf6 (
6... Nh6 $5 7. c3 O-O 8. d4 cxd4 9. cxd4 d5 10. e5 Bg4 11. Nbd2 Qb6 12. b3 c5
13. Ba3 cxd4 14. Bxe7 Rfe8 15. Bg5 Bd7 16. Nf1 Nf5 17. g4 Ne7 18. Nxd4 Nc6 $44
{Psakhis,L-Dautov,R Nimes 1991,51/148}) (6... e5 7. c3 Ne7 8. d4 cxd4 9. cxd4
exd4 10. Nxd4 O-O 11. Nc3 d6 12. Bg5 $14 Bb7 13. Qd2 Re8 14. Rad1 Qb6 15. Nb3
Rad8 16. Qf4 c5 17. Qh4 Rd7 18. Qg4 Rc7 {1/4:1/4 Magomedov,M-Kharlov,A URS-chT
Azov 1991}) 7. e5 Nd5 8. c4 Nc7 9. d4 cxd4 10. Qxd4 O-O $6 (10... Ne6 11. Qh4
h6 12. Nc3 d6 13. Rd1 Bb7 14. Be3 c5 15. Nd5 dxe5 $1 16. Nf6+ Bxf6 17. Rxd8+
Rxd8 18. Qg3 h5 19. h4 O-O 20. Nxe5 Nd4 21. Bxd4 Rxd4 $15 {Charlov,A-Andersson,
U,Haninge 1992}) (10... d5 $5 11. cxd5 (11. Qh4 {Hansen,Cu} h6 12. Nc3 e6 13.
Qg3 $14 {Popa,V-Ye Jiangchuan 1988}) 11... cxd5 12. Nc3 O-O 13. Qh4 Rb8 14. Bh6
Rxb2 15. Nd1 Rb6 16. Ne3 f6 $13 {Tseitlin,Ma-Afek,Y Tel Aviv 1990}) 11. Qh4 d6
12. Bh6 Ne6 13. Nc3 f6 14. Bxg7 Kxg7 15. exf6+ Rxf6 {/\Rf4} 16. Ng5 $1 Nxg5 17.
Qxg5 $16 {><e7} Qf8 18. Re2 Ba6 19. b3 e5 20. Rd1 Rf4 21. Red2 Rd8 22. Qg3 $1 {
/\Qe3,c5,Ne4} (22. c5 $2 Rf5 23. Qe3 (23. Qg3 {Hansen,Cu} d5 $17) 23... d5 $17)
22... c5 (22... Qe7 $2 23. Qe3 Rf6 24. Ne4 Re6 25. Nc5 $18) 23. Ne2 Rf5 24. Qe3
Bb7 25. f3 h5 26. Rd3 $1 Rd7 27. Nc3 Bc6 28. Qd2 Rf6 29. Nd5 Re6 30. h3 Qf5 31.
Re1 Qf7 (31... e4 $2 32. Qc3+ $18) 32. a3 Rd8 33. b4 cxb4 34. axb4 Qb7 35. b5
Bxd5 (35... Be8 36. Ra3 $18 {/\Rea1}) 36. Rxd5 Qb6+ 37. Kh2 Rc8 (37... a6 38.
bxa6 Qxa6 39. c5 $18) 38. f4 $1 Rce8 (38... e4 39. f5 $18) (38... Rxc4 39. fxe5
dxe5 40. Rd7+ $18) 39. fxe5 dxe5 40. Rd7+ R8e7 41. Qd5 {/\Re5} Kh6 42. Qd2+ Kh7
(42... Kg7 43. Rd1 $16 {/\Qg5}) (42... Kg7 {Hansen,Cu}) 43. Rf1 e4 $2 (43...
Kg7 $8 44. Qd5 {/\c5} Kh6 45. Rd8 $16) 44. Rf7+ $18 Rxf7 45. Rxf7+ Kg8 46. Qd7
Qb8+ (46... Qd6+ 47. Qxd6 Rxd6 48. Rxa7 e3 49. Re7 Rd4 50. Rxe3 Rxc4 51. Rb3
$18) 47. Kg1 Qe5 48. Rg7+ $1 Qxg7 49. Qxe6+ Kh7 50. Qxe4 Qc3 51. Qe7+ Kh6 52.
Qxa7 Qc1+ 53. Kh2 Qxc4 54. Qb8 1-0